| Record ID | ia:firstplaceorigin0000lewi |
| Source | Internet Archive |
| Download MARC XML | https://archive.org/download/firstplaceorigin0000lewi/firstplaceorigin0000lewi_marc.xml |
| Download MARC binary | https://www.archive.org/download/firstplaceorigin0000lewi/firstplaceorigin0000lewi_meta.mrc |
LEADER: 00810pam a2200229 a 4500
001 97045914
003 DLC
005 19980218100216.5
008 971103s1998 tnua b 000 0 eng
010 $a 97045914
020 $a0805401792 (pbk.)
040 $aDLC$cDLC$dDLC
050 00 $aRM222.2$b.L446 1998
082 00 $a613.2/5$221
100 1 $aLewis, Carole,$d1942-
245 10 $aFirst place :$bthe original spiritually based weight loss plan for whole person fitness /$cCarole Lewis with W. Terry Whalin.
260 $aNashville, Tenn. :$bBroadman & Holman,$cc1998.
300 $axi, 268 p. :$bill. ;$c23 cm.
504 $aIncludes bibliographical references (p. 267-268).
650 0 $aWeight loss$xReligious aspects$xChristianity.
650 0 $aHealth$xReligious aspects$xChristianity.
700 1 $aWhalin, Terry.